| 000 | 00781nam a22002177a 4500 | ||
|---|---|---|---|
| 999 |
_c9712 _d9712 |
||
| 003 | AR-CdUCM | ||
| 008 | 190328b ||||| |||| 00| 0 spa d | ||
| 040 |
_aMUNICIPALIDAD PROVINCIAL DEL CUSCO _cBIBLIOTECA MUNICIPAL DEL CUSCO |
||
| 082 |
_a928 / _bV23P / 1952 |
||
| 100 |
_aPérez, Galo René _926099 |
||
| 245 | _aCasar Vallejo, poeta de América / | ||
| 260 |
_aQuito : _bImprenta de la Universidad, _c1952 |
||
| 300 |
_a26 páginas ; _c21 cm. |
||
| 500 | _aDonación de la familia Nieto. | ||
| 505 | _aContenido: Biografía de Cesar Vallejo, Análisis y crítica de sus obras ( general). | ||
| 650 |
_aPoetas - Biografías _926100 |
||
| 650 |
_aPoetas - Perú _99496 |
||
| 650 |
_aCasar Vallejo - Biografía - Análisis _926101 |
||
| 942 |
_2ddc _cLIBROS |
||
| 945 | _alccs | ||